My Beautiful Laundrette

Сохранить в:
Библиографические подробности
Главный автор: Kureishi Hanif
Формат:
Язык:неизвестный язык
Опубликовано: Milano Baldini & Castoldi 1996
Метки: Добавить метку
Нет меток, Требуется 1-ая метка записи!

MARC

LEADER 00000nam a2200000Ia 4500
001 86
003 NUMERAZIONE-ORIGINALE-BRESCIA
005 20260206230747.0
008 260206s9999 xx 000 0 und d
100 |a Kureishi Hanif 
245 0 |a My Beautiful Laundrette 
260 |a Milano 
260 |b Baldini & Castoldi 
260 |c 1996 
500 |a Il segno dell'arcobaleno 
942 |2 ddc  |c BK  |n 0 
952 |0 0  |1 0  |2 ddc  |4 0  |6 32  |7 0  |9 28272  |a BS  |b BS  |d 2026-02-06  |i 86  |l 0  |o 3-2-*  |r 2026-02-06 22:40:32  |w 2026-02-06  |x [REVISIONARE]  |y BK 
999 |c 23968  |d 23968